[Event "67. BEM 2013"]
[Site "Dortmund"]
[Date "2013.02.28"]
[Round "6.10"]
[White "Schütz, Ralf"]
[Black "Rzoczek, Christoph"]
[Result "1-0"]
[WhiteElo "1848"]
[BlackElo "1513"]
[PlyCount "105"]
[EventDate "2013.??.??"]
[Source "SG Dortmund"]
[SourceDate "2004.12.16"]

1. e4 d6 2. d4 g6 3. Be3 Bg7 4. Nc3 Nd7 5. h4 Ngf6 6. f3 e5 7. Qd2 Nh5 8. Nge2
exd4 9. Bxd4 Bxd4 10. Qxd4 Qf6 11. Qd2 Ne5 12. O-O-O Nc4 13. Qd3 b5 14. b3 Nf4
15. Qd4 Qxd4 16. Rxd4 Nxe2+ 17. Bxe2 c5 18. Nxb5 cxd4 19. Bxc4 Ke7 20. Nc7 Rb8
21. Nd5+ Ke6 22. Kd2 Bb7 23. Nc7+ Kd7 24. Nb5 Ba6 25. a4 Bxb5 26. axb5 Rhf8 27.
Ra1 Rb7 28. Kd3 f5 29. Re1 fxe4+ 30. Rxe4 Re8 31. Rxd4 Kc7 32. g4 Re1 33. Rf4
Kb6 34. Kd4 Rc1 35. Bd3 Rd1 36. Kd5 Rc7 37. Rd4 Rf7 38. f4 Rc7 39. f5 Rc5+ 40.
Ke6 Re1+ 41. Kf6 d5 42. fxg6 hxg6 43. Kxg6 Re8 44. g5 Rc7 45. Rxd5 Re6+ 46. Kh5
Rc8 47. Bh7 Re2 48. Rf5 Rh8 49. Kh6 Rh2 50. h5 Ka5 51. g6 Rd8 52. g7 Rd6+ 53.
Bg6 1-0

[Event "67. BEM 2013"]
[Site "Dortmund"]
[Date "2013.02.28"]
[Round "6.12"]
[White "Simon, Stefan"]
[Black "Büdel, Jürgen"]
[Result "0-1"]
[WhiteElo "1440"]
[BlackElo "1637"]
[PlyCount "24"]
[EventDate "2013.??.??"]
[Source "SG Dortmund"]
[SourceDate "2004.12.16"]

1. e4 Nc6 2. Nf3 d5 3. exd5 Qxd5 4. d4 Bg4 5. Nc3 Qh5 6. Be2 O-O-O 7. O-O Nf6
8. h3 Bxh3 9. Ng5 Bg4 10. Nxf7 Rxd4 11. Bxg4+ Nxg4 12. f3 Qh2# 0-1

[Event "67. BEM 2013"]
[Site "Dortmund"]
[Date "2013.02.28"]
[Round "6.13"]
[White "Koch, Detlev"]
[Black "Vogt, Christian"]
[Result "0-1"]
[WhiteElo "1312"]
[BlackElo "1494"]
[PlyCount "84"]
[EventDate "2013.??.??"]
[Source "SG Dortmund"]
[SourceDate "2004.12.16"]

1. e4 e5 2. Nf3 Nf6 3. d4 Nxe4 4. Bd3 d5 5. Nxe5 Be7 6. Nd2 Nf6 7. O-O O-O 8.
Ndf3 Nbd7 9. Nxd7 Nxd7 10. c4 dxc4 11. Bxc4 Nb6 12. Bb3 c6 13. Ne5 Nd5 14. Nd3
Bf6 15. Ne5 Be6 16. Nf3 Bg4 17. Be3 Re8 18. Bxd5 Qxd5 19. h3 Bh5 20. g4 Bg6 21.
Ne1 Rad8 22. Nd3 Bxd4 23. Nf4 Qe4 24. Re1 Bxe3 25. Rxe3 Qxf4 26. Rxe8+ Rxe8 27.
Qd7 Rf8 28. Qxb7 Qa4 29. b3 Qd4 30. Rc1 Be4 31. Qa6 Bd5 32. Qe2 Qe4 33. Qxe4
Bxe4 34. Re1 Bd5 35. Re7 Ra8 36. Kh2 Kf8 37. Rc7 a5 38. f4 a4 39. Rb7 axb3 40.
axb3 Ra2+ 41. Kg3 g6 42. b4 Rb2 0-1

[Event "67. BEM 2013"]
[Site "Dortmund"]
[Date "2013.02.28"]
[Round "6.14"]
[White "Benke, Werner"]
[Black "Kesselmeier, Klaus"]
[Result "1-0"]
[WhiteElo "1457"]
[BlackElo "1365"]
[Annotator "Schulenburg,Pit"]
[PlyCount "57"]
[EventDate "2013.??.??"]
[Source "SG Dortmund"]
[SourceDate "2004.12.16"]

1. e4 e5 2. Nf3 Nc6 3. Bb5 Nge7 4. O-O d6 5. h3 a6 6. Ba4 Be6 7. c3 b5 8. Bc2
h6 9. d4 Bd7 10. Be3 Ng6 11. a3 Be7 12. Nh2 O-O 13. Qh5 Nf4 14. Qf3 Bg5 15. Rd1
f5 16. exf5 exd4 17. Bxf4 Ne5 18. Qd5+ Nf7 19. Bxg5 Qxg5 20. Qxa8 Rxa8 21. g4
Bc6 22. cxd4 Re8 23. d5 Ba8 24. Nc3 h5 25. Nf3 Qf6 26. Re1 Ne5 27. Nxe5 Rxe5
28. Ne4 Qe7 29. f4 {Die Partie ist ab hier wegen beidseits arg fehlerhafter
Notation nicht mehr rekonstruierbar. Weiss gewann nach weniger als 50 Zuegen.}
1-0

[Event "67. BEM 2013"]
[Site "Dortmund"]
[Date "2013.02.28"]
[Round "6.15"]
[White "Lassek, Harald"]
[Black "Grawe, Herbert"]
[Result "1-0"]
[WhiteElo "1290"]
[BlackElo "1450"]
[PlyCount "57"]
[EventDate "2013.??.??"]
[Source "SG Dortmund"]
[SourceDate "2004.12.16"]

1. e4 Nc6 2. d4 e5 3. d5 Nce7 4. f4 Ng6 5. Nf3 exf4 6. Bd3 Bc5 7. Nc3 a6 8. Na4
Ba7 9. e5 Nh4 10. Qe2 Nxf3+ 11. Qxf3 g5 12. Bd2 d6 13. e6 Nf6 14. O-O-O fxe6
15. dxe6 Bxe6 16. Rde1 Kf7 17. Nc3 c6 18. Ne4 Bg4 19. Nxg5+ Kg8 20. Qxf4 h6 21.
Ne4 Bd4 22. Nxd6 Qb6 23. Bc4+ Kf8 24. Bb3 (24. Qxh6+ $3 Rxh6 25. Bxh6#) 24...
Bd7 25. c3 Qc5 26. Nxb7 (26. Qxh6+ $3) 26... Qf5 27. Qxd4 (27. Qxh6+ $3) 27...
Kg7 28. Nd6 Qg4 29. Re7+ 1-0

[Event "67. BEM 2013"]
[Site "Dortmund"]
[Date "2013.02.28"]
[Round "6.16"]
[White "Wangrin, Stefan A"]
[Black "Winkler, Harald"]
[Result "1-0"]
[WhiteElo "1213"]
[BlackElo "1323"]
[PlyCount "29"]
[EventDate "2013.??.??"]
[Source "SG Dortmund"]
[SourceDate "2004.12.16"]

1. c4 e5 2. e4 Nf6 3. Nc3 Nc6 4. Nf3 g6 5. d4 exd4 6. Nxd4 Nxd4 7. Qxd4 Bg7 8.
Bg5 d6 9. Nd5 c5 10. Nxf6+ Bxf6 11. Qxf6 Qxf6 12. Bxf6 O-O 13. O-O-O Re8 14.
Rxd6 Rxe4 15. Rd8+ 1-0

[Event "67. BEM 2013"]
[Site "Dortmund"]
[Date "2013.02.28"]
[Round "6.17"]
[White "Böckmann, Lieselotte"]
[Black "Skoecz, Horst"]
[Result "0-1"]
[WhiteElo "938"]
[BlackElo "1183"]
[PlyCount "94"]
[EventDate "2013.??.??"]
[Source "SG Dortmund"]
[SourceDate "2004.12.16"]

1. c4 e6 2. g3 d5 3. cxd5 Qxd5 4. Nf3 c6 5. Nc3 Qd8 6. Bg2 Nd7 7. O-O Be7 8. d4
Ngf6 9. Qc2 Nd5 10. a3 Nxc3 11. bxc3 Nb6 12. Qd3 a6 13. Bf4 c5 14. Rfd1 c4 15.
Qc2 Nd5 16. Bc1 Bd7 17. e4 Nb6 18. Qe2 Bb5 19. Qe1 Na4 20. d5 Nc5 21. Be3 Nd3
22. Qd2 exd5 23. Nd4 dxe4 24. Bxe4 Rb8 25. Nxb5 axb5 26. a4 b4 27. a5 bxc3 28.
Qxc3 Bf6 29. Qa3 Bxa1 30. Qxa1 O-O 31. Qc3 Qc8 32. Bg2 Re8 33. Qd4 Rd8 34. Qh4
c3 35. Be4 c2 36. Qxh7+ Kf8 37. Qh8+ Ke7 38. Bg5+ (38. Qh4+) 38... Ke6 39. Qh3+
Ke5 40. f4+ Kxe4 41. Qg2+ Kd4 42. Qf2+ Ke4 43. Qe2+ Kf5 44. g4+ Kg6 45. Qe4+ f5
46. Qe3 cxd1=Q+ 47. Kg2 Ne1+ 0-1

[Event "67. BEM 2013"]
[Site "Dortmund"]
[Date "2013.03.04"]
[Round "7.1"]
[White "Kohlweyer, Bernd"]
[Black "Duschek, Günter"]
[Result "1-0"]
[WhiteElo "2434"]
[BlackElo "1488"]
[PlyCount "69"]
[EventDate "2013.??.??"]
[Source "SG Dortmund"]
[SourceDate "2004.12.16"]

1. d4 d5 2. c4 c6 3. e3 Nf6 4. Nf3 Bg4 5. Qb3 Qb6 6. Nc3 e6 7. Nh4 Bb4 8. c5
Bxc3+ 9. bxc3 Qxb3 10. axb3 a6 11. h3 Bh5 12. g4 Bg6 13. Nxg6 hxg6 14. f3 Nbd7
15. Kf2 Rc8 16. Bd2 e5 17. c4 e4 18. g5 Nh5 19. cxd5 cxd5 20. fxe4 dxe4 21. Rg1
Rc6 22. b4 f6 23. b5 Re6 24. bxa6 bxa6 25. Bc4 Rc6 26. Bd5 Rc7 27. Rxa6 Ke7 28.
Re6+ Kf8 29. Ra1 Rc8 30. Ra7 Nb8 31. Bb4 Kg8 32. gxf6 Kh7 33. fxg7 Rhd8 34.
g8=Q+ Kxg8 35. Re8# 1-0

[Event "67. BEM 2013"]
[Site "Dortmund"]
[Date "2013.03.04"]
[Round "7.2"]
[White "Ziemek, Gerhard"]
[Black "Schmittdiel, Eckhard"]
[Result "0-1"]
[WhiteElo "1692"]
[BlackElo "2361"]
[PlyCount "58"]
[EventDate "2013.??.??"]
[Source "SG Dortmund"]
[SourceDate "2004.12.16"]

1. d4 Nf6 2. Nc3 d5 3. e4 Nxe4 4. Nxe4 dxe4 5. f3 Bf5 6. c3 c6 7. Bc4 e6 8. Bf4
Nd7 9. Qe2 Nf6 10. Bg5 exf3 11. Nxf3 h6 12. Bxf6 Qxf6 13. O-O Bd6 14. Rae1
O-O-O 15. b4 g5 16. Nd2 Qg7 17. a4 g4 18. a5 g3 19. h3 Bxb4 20. a6 Bxc3 21.
axb7+ Kxb7 22. Rxf5 Qxd4+ 23. Kh1 exf5 24. Rb1+ Ka8 25. Qf3 Rc8 26. Ba6 Rc7 27.
Nc4 f4 28. Rd1 Re8 29. Nd6 Qxd1+ 0-1

[Event "67. BEM 2013"]
[Site "Dortmund"]
[Date "2013.03.04"]
[Round "7.3"]
[White "Schiefelbusch, Dirk"]
[Black "Simon, Thomas"]
[Result "1/2-1/2"]
[WhiteElo "2061"]
[BlackElo "1778"]
[PlyCount "49"]
[EventDate "2013.??.??"]
[Source "SG Dortmund"]
[SourceDate "2004.12.16"]

1. d4 Nf6 2. Nf3 c5 3. c4 g6 4. Nc3 cxd4 5. Nxd4 d6 6. e4 Bg7 7. Be2 Nc6 8. Be3
O-O 9. O-O Nxd4 10. Bxd4 a6 11. Rc1 Be6 12. Qd2 Nd7 13. Bxg7 Kxg7 14. b3 Qa5
15. f4 f6 16. Kh1 Rfc8 17. Qe3 Qc5 18. Qg3 Rab8 19. Nd5 Bxd5 20. exd5 b5 21.
Bg4 Rb7 22. Qe1 Re8 23. b4 Qd4 24. c5 dxc5 25. Qe6 1/2-1/2

[Event "67. BEM 2013"]
[Site "Dortmund"]
[Date "2013.03.04"]
[Round "7.4"]
[White "Begna, Bozidar"]
[Black "Hoppe, Dirk"]
[Result "1-0"]
[WhiteElo "1929"]
[BlackElo "1843"]
[PlyCount "79"]
[EventDate "2013.??.??"]
[Source "SG Dortmund"]
[SourceDate "2004.12.16"]

1. d3 d5 2. e4 e5 3. Nf3 dxe4 4. dxe4 Qxd1+ 5. Kxd1 Nf6 6. Bd3 Bd6 7. Nbd2 O-O
8. Nc4 Nc6 9. c3 h6 10. Kc2 Be6 11. Ne3 Rad8 12. Nh4 Ne7 13. f3 g6 14. g4 Nd7
15. Nef5 gxf5 16. gxf5 Kh7 17. fxe6 Nc5 18. exf7 Nxd3 19. Kxd3 Bc5+ 20. Ke2
Rxf7 21. b4 Bb6 22. Be3 Bxe3 23. Kxe3 Ng6 24. Nxg6 Kxg6 25. Rad1 Rdf8 26. Rhg1+
Kf6 27. Rg3 Ke6 28. Rdg1 Rf6 29. Rg6 Kd6 30. a4 a5 31. R1g4 axb4 32. cxb4 c5
33. b5 c4 34. Rxf6+ Rxf6 35. f4 Kc5 36. fxe5 Re6 37. Rg7 Kb4 38. Kd4 c3 39. Rc7
b6 40. Rc4+ 1-0

[Event "67. BEM 2013"]
[Site "Dortmund"]
[Date "2013.03.04"]
[Round "7.5"]
[White "Tekin, Baran"]
[Black "Kropp, Andreas"]
[Result "1-0"]
[WhiteElo "1709"]
[BlackElo "1908"]
[PlyCount "57"]
[EventDate "2013.??.??"]
[Source "SG Dortmund"]
[SourceDate "2004.12.16"]

1. d4 d5 2. Nf3 Nf6 3. c4 e6 4. Nc3 dxc4 5. g3 Bd7 6. Ne5 Bc6 7. Nxc6 Nxc6 8.
e3 e5 9. d5 Nb4 10. Bxc4 c6 11. e4 b5 12. Be2 cxd5 13. Bxb5+ Ke7 14. Qb3 Qa5
15. exd5 a6 16. Bc4 Rb8 17. O-O Nc6 18. Qa4 Qxa4 19. Nxa4 Nb4 20. Bg5 Kd6 21.
Rac1 Nfxd5 22. Rfd1 f6 23. Be3 Ke6 24. a3 Kf5 25. axb4 Nxb4 26. Nc5 a5 27. Be6+
Kg6 28. Nd7 Rb5 29. Rc8 1-0

[Event "67. BEM 2013"]
[Site "Dortmund"]
[Date "2013.03.04"]
[Round "7.6"]
[White "Grube, Jörg"]
[Black "Schütz, Ralf"]
[Result "1-0"]
[WhiteElo "1789"]
[BlackElo "1848"]
[PlyCount "101"]
[EventDate "2013.??.??"]
[Source "SG Dortmund"]
[SourceDate "2004.12.16"]

1. e4 e6 2. d4 d5 3. Nc3 Nf6 4. e5 Nfd7 5. Nce2 c5 6. c3 Nc6 7. f4 Qb6 8. Nf3
f6 9. g3 fxe5 10. fxe5 cxd4 11. cxd4 Bb4+ 12. Bd2 O-O 13. Bg2 Bxd2+ 14. Qxd2
Qb4 15. Nf4 Nb6 16. b3 Bd7 17. Rd1 a5 18. O-O Qxd2 19. Rxd2 a4 20. Bh3 axb3 21.
axb3 Rae8 22. Bg4 Bc8 23. Ng5 Nd8 24. Rc1 h6 25. Nf3 Nc6 26. Ng6 Rf7 27. Bh5
Rf5 28. Bg4 Rf7 29. Nfh4 Na5 30. Rd3 Na8 31. Ra1 b6 32. b4 Ba6 33. Rda3 Bc4 34.
bxa5 b5 35. Bh5 b4 36. Ra4 Rb8 37. Rb1 b3 38. Rb2 Rf1+ 39. Kg2 Rc1 40. Ne7+ Kh8
41. Bg6 Rf8 42. Bd3 Rb8 43. Nhg6+ Kh7 44. Nf4+ Kh8 45. Bg6 Rb7 46. Nc8 Rc7 47.
Nd6 Bf1+ 48. Kf3 R7c3+ 49. Kg4 h5+ 50. Kxh5 R1c2 51. Rb4 1-0

[Event "67. BEM 2013"]
[Site "Dortmund"]
[Date "2013.03.04"]
[Round "7.9"]
[White "Büdel, Jürgen"]
[Black "Zachos, Ingo"]
[Result "1-0"]
[WhiteElo "1637"]
[BlackElo "1884"]
[PlyCount "72"]
[EventDate "2013.??.??"]
[Source "SG Dortmund"]
[SourceDate "2004.12.16"]

1. e4 Nc6 2. Nf3 e5 3. Bc4 Bc5 4. d3 Nf6 5. a3 d6 6. c3 Bb6 7. b4 h6 8. O-O O-O
9. a4 a5 10. b5 Nb8 11. Na3 Bg4 12. Be3 c6 13. Rb1 Bxe3 14. fxe3 d5 15. exd5
cxd5 16. Ba2 Qb6 17. Qe1 Nbd7 18. Kh1 Rac8 19. d4 exd4 20. exd4 Rfe8 21. Ne5
Qd6 22. Rb3 Nxe5 23. dxe5 Rxe5 24. Qg3 Ne4 25. Qe3 Rh5 26. Rf4 Re8 27. Nc2 Bd1
28. g4 Rh3 29. Qc1 Nf2+ 30. Rxf2 Bf3+ 31. Kg1 Qg3+ 32. Kf1 Qxf2+ 33. Kxf2 Re2+
34. Kf1 Rhxh2 35. Qe3 Rh1+ 36. Qg1 Bg2+ 1-0

[Event "67. BEM 2013"]
[Site "Dortmund"]
[Date "2013.03.04"]
[Round "7.10"]
[White "Rzoczek, Christoph"]
[Black "Schulz-Runge, Michael"]
[Result "1/2-1/2"]
[WhiteElo "1513"]
[BlackElo "1751"]
[PlyCount "41"]
[EventDate "2013.??.??"]
[Source "SG Dortmund"]
[SourceDate "2004.12.16"]

1. e3 c5 2. d4 d5 3. Nf3 Nc6 4. Nbd2 Nf6 5. Be2 cxd4 6. exd4 g6 7. O-O Bg7 8.
c3 O-O 9. Re1 a6 10. Nb3 Qd6 11. Nc5 b6 12. Nd3 Nd7 13. Bf4 e5 14. dxe5 Ndxe5
15. Bg3 Bb7 16. Ndxe5 Nxe5 17. Nxe5 Bxe5 18. Bxe5 Qxe5 19. Bxa6 Qc7 20. Bxb7
Qxb7 21. Qd4 {(=)} 1/2-1/2

[Event "67. BEM 2013"]
[Site "Dortmund"]
[Date "2013.03.04"]
[Round "7.11"]
[White "Raskin, Vitali"]
[Black "Benke, Werner"]
[Result "1-0"]
[WhiteElo "1671"]
[BlackElo "1457"]
[PlyCount "75"]
[EventDate "2013.??.??"]
[Source "SG Dortmund"]
[SourceDate "2004.12.16"]

1. e4 e5 2. Nf3 Nc6 3. Bc4 Be7 4. d4 exd4 5. Nxd4 d6 6. Nc3 Bd7 7. Nd5 Nf6 8.
Nf5 Bxf5 9. exf5 O-O 10. O-O Nxd5 11. Bxd5 Qd7 12. Re1 Bf6 13. g4 h6 14. c3
Rfe8 15. Be3 a6 16. Qb3 Ne5 17. h3 c6 18. Bg2 d5 19. Rad1 Qc7 20. Bb6 Qc8 21.
Qc2 Nc4 22. Bd4 Bxd4 23. cxd4 Qd7 24. b3 Rxe1+ 25. Rxe1 Nd6 26. Re5 Re8 27. Qe2
Kf8 28. Qe3 f6 29. Re6 Nb5 30. a4 Nc7 31. Rxe8+ Nxe8 32. Qc3 Nd6 33. Qc5 Kf7
34. b4 Qe7 35. Qc3 Ne4 36. Qe3 Qxb4 37. Bxe4 Qe7 38. Bd3 1-0

[Event "67. BEM 2013"]
[Site "Dortmund"]
[Date "2013.03.04"]
[Round "7.12"]
[White "Skoecz, Horst"]
[Black "Vogt, Christian"]
[Result "0-1"]
[WhiteElo "1183"]
[BlackElo "1494"]
[PlyCount "100"]
[EventDate "2013.??.??"]
[Source "SG Dortmund"]
[SourceDate "2004.12.16"]

1. e4 e5 2. Nf3 Nc6 3. a3 Nf6 4. Nc3 a6 5. d4 exd4 6. Nxd4 Bc5 7. Be3 Nxd4 8.
Bxd4 Qe7 9. Bxc5 Qxc5 10. Be2 O-O 11. O-O b5 12. Bf3 Bb7 13. Qd2 Rfe8 14. Rae1
Re5 15. Qe3 Qe7 16. Re2 d5 17. Rfe1 dxe4 18. Qf4 Re8 19. Bg4 Nxg4 20. Qxg4 f5
21. Qg3 b4 22. axb4 Qxb4 23. b3 c5 24. f4 R5e6 25. Re3 c4 26. Nb1 Qc5 27. bxc4
Qxc4 28. Na3 Qc5 29. c4 Rd8 30. Qf2 Red6 31. R3e2 Qxa3 32. Qa7 Bc6 33. c5 Rd1
34. Kf2 Bb5 35. Rxd1 Rxd1 36. Qb8+ Kf7 37. Qc7+ Rd7 38. Qe5 Bxe2 39. Qxf5+ Ke8
40. Qe6+ Re7 41. Qc6+ Kf8 42. Qc8+ Re8 43. Qf5+ Kg8 44. Qd5+ Kh8 45. c6 Bg4 46.
Qf7 Qf8 47. Qxf8+ Rxf8 48. Ke3 Re8 49. h3 Bc8 50. g4 a5 0-1

[Event "67. BEM 2013"]
[Site "Dortmund"]
[Date "2013.03.04"]
[Round "7.13"]
[White "Sonntag, Joachim"]
[Black "Wangrin, Stefan A"]
[Result "1-0"]
[WhiteElo "1799"]
[BlackElo "1213"]
[PlyCount "25"]
[EventDate "2013.??.??"]
[Source "SG Dortmund"]
[SourceDate "2004.12.16"]

1. e4 c5 2. Nf3 Nc6 3. d4 e6 4. d5 exd5 5. exd5 Qe7+ 6. Be2 Ne5 7. O-O Qd6 8.
Nc3 Nf6 9. Nb5 Qb8 10. d6 a6 11. Nc7+ Kd8 12. Nxe5 Ne8 13. Nxf7# 1-0

[Event "67. BEM 2013"]
[Site "Dortmund"]
[Date "2013.03.04"]
[Round "7.14"]
[White "Grawe, Herbert"]
[Black "Simon, Stefan"]
[Result "1-0"]
[WhiteElo "1450"]
[BlackElo "1440"]
[PlyCount "89"]
[EventDate "2013.??.??"]
[Source "SG Dortmund"]
[SourceDate "2004.12.16"]

1. d4 d5 2. e4 e6 3. e5 Nc6 4. f4 Nge7 5. Nf3 Nf5 6. Bd3 Nfxd4 7. Ng5 Be7 8.
O-O Bxg5 9. fxg5 Nxe5 10. Qh5 Qe7 11. g6 Nxg6 12. Bg5 Qc5 13. Kh1 Bd7 14. c3
Nc6 15. b4 Qd6 16. Na3 Nce7 17. Be3 e5 18. Bc5 Qe6 19. Nb5 Bxb5 20. Bxb5+ c6
21. Ba4 Nf4 22. Qf3 Neg6 23. Qg3 Ne2 24. Qf3 Nef4 25. g3 e4 26. Qe3 Nd3 27. Bd4
Nge5 28. Qg5 Qg6 29. Qd2 Nf3 30. Rxf3 exf3 31. Bc2 O-O 32. Bxd3 Qg4 33. Qc2 Qh5
34. Rg1 Rfe8 35. g4 Qh3 36. Bf1 Qh6 37. Qf2 Qf4 38. Rg3 f6 39. Rxf3 Qxg4 40.
Rg3 Qe4+ 41. Kg1 Qe1 42. Rxg7+ Kh8 43. Qxf6 Re6 44. Rxh7+ Kg8 45. Qg7# 1-0

[Event "67. BEM 2013"]
[Site "Dortmund"]
[Date "2013.03.04"]
[Round "7.15"]
[White "Schmidt, Andreas N"]
[Black "Koch, Detlev"]
[Result "0-1"]
[WhiteElo "915"]
[BlackElo "1312"]
[PlyCount "105"]
[EventDate "2013.??.??"]
[Source "SG Dortmund"]
[SourceDate "2004.12.16"]

1. e4 c6 2. d4 d5 3. Nc3 dxe4 4. Nxe4 Nf6 5. Nxf6+ exf6 6. Bc4 Bd6 7. Nf3 O-O
8. O-O Bg4 9. h3 Be6 10. d5 Bd7 11. Re1 b5 12. Bd3 Bc5 13. Be4 Qb6 14. Be3 a5
15. Qd3 g6 16. Bxc5 Qxc5 17. dxc6 Bxc6 18. Nd4 b4 19. Nb3 Bxe4 20. Rxe4 Qc7 21.
Nd4 Qd8 22. Qb5 Qd7 23. Rae1 Qxb5 24. Nxb5 Nc6 25. Nc7 Rad8 26. Re8 Ne5 27.
Rxf8+ Kxf8 28. f4 Nc6 29. Nb5 f5 30. c3 Rd2 31. cxb4 axb4 32. Rb1 Na5 33. Nc7
b3 34. axb3 Nxb3 35. Re1 Rxb2 36. Kh2 Kg7 37. Kg3 Nc5 38. Kf3 Ne4 39. g4 Rf2+
40. Ke3 Rg2 41. g5 Rg3+ 42. Kd4 h6 43. Ne8+ Kf8 44. gxh6 Kxe8 45. Ra1 Rxh3 {(=)
} 46. Ra8+ Kd7 47. Rh8 Ke7 48. Ke5 Rh4 49. Rh7 Nf6 50. Rh8 Nd7+ 51. Kd5 Rxf4
52. Kc6 Rh4 53. Rd8 0-1

[Event "67. BEM 2013"]
[Site "Dortmund"]
[Date "2013.03.04"]
[Round "7.16"]
[White "Kesselmeier, Klaus"]
[Black "Reker, Gerhard"]
[Result "1-0"]
[WhiteElo "1365"]
[BlackElo "864"]
[PlyCount "55"]
[EventDate "2013.??.??"]
[Source "SG Dortmund"]
[SourceDate "2004.12.16"]

1. e4 e5 2. Nf3 Nf6 3. d3 d6 4. Nc3 Nc6 5. h3 Be7 6. Bd2 O-O 7. a3 Be6 8. Be2
d5 9. exd5 Bxd5 10. Nxd5 Nxd5 11. O-O Bf6 12. Rb1 Nf4 13. Bxf4 exf4 14. Qd2 Nd4
15. Nxd4 Qxd4 16. c3 Qe5 17. Bf3 c6 18. Rfe1 Qf5 19. Re4 Bg5 20. Rbe1 Rad8 21.
d4 Rd6 22. Re5 Qf6 23. Qc2 Re6 24. Rxe6 fxe6 25. Qb3 Rf7 26. Rxe6 Qd8 27. Re5
Kh8 28. Qxf7 1-0

[Event "67. BEM 2013"]
[Site "Dortmund"]
[Date "2013.03.05"]
[Round "8.1"]
[White "Simon, Thomas"]
[Black "Kohlweyer, Bernd"]
[Result "0-1"]
[WhiteElo "1778"]
[BlackElo "2434"]
[PlyCount "75"]
[EventDate "2013.??.??"]
[Source "SG Dortmund"]
[SourceDate "2004.12.16"]

1. d4 d5 2. c4 c6 3. Nc3 Nf6 4. cxd5 cxd5 5. Nf3 Nc6 6. Bf4 a6 7. a3 Nh5 8. Bg3
Nxg3 9. hxg3 g6 10. Qb3 e6 11. e3 Bg7 12. Be2 O-O 13. O-O-O b5 14. Na2 Na5 15.
Qb4 Nc4 16. Bxc4 bxc4 17. Ne5 Qc7 18. Qc3 Rb8 19. b4 a5 20. Rd2 axb4 21. axb4
Qd6 22. f4 f6 23. Nf3 Bd7 24. Rb2 Ba4 25. Kd2 Rf7 26. Rhb1 Rfb7 27. Ke2 g5 28.
Nd2 Be8 29. Kf2 Bg6 30. Re1 e5 31. Kg1 gxf4 32. exf4 exf4 33. gxf4 Qxf4 34. Nf3
Be4 35. Rf2 Qg3 36. Nd2 Qxc3 37. Nxc3 f5 38. Ncxe4 {
und Weiss ueberschritt mit seinem letzten Zug die Zeit.} 0-1

[Event "67. BEM 2013"]
[Site "Dortmund"]
[Date "2013.03.05"]
[Round "8.2"]
[White "Schmittdiel, Eckhard"]
[Black "Schiefelbusch, Dirk"]
[Result "1-0"]
[WhiteElo "2361"]
[BlackElo "2061"]
[PlyCount "61"]
[EventDate "2013.??.??"]
[Source "SG Dortmund"]
[SourceDate "2004.12.16"]

1. e4 c6 2. c4 d5 3. exd5 cxd5 4. d4 Nf6 5. Nc3 e6 6. Nf3 Be7 7. a3 dxc4 8.
Bxc4 O-O 9. O-O Nbd7 10. Qd3 a6 11. Bg5 b5 12. Ba2 Bb7 13. Rad1 Nb6 14. Ne5
Nbd5 15. Ne2 Rc8 16. Bb1 g6 17. Qh3 Nh5 18. Bh6 Re8 19. Qf3 Nhf6 20. Qh3 Nh5
21. g4 Bg5 22. Bxg5 Qxg5 23. f4 Nhxf4 24. Nxf4 Nxf4 25. Qe3 f6 26. Rxf4 fxe5
27. Rf8+ Rxf8 28. Qxg5 Bf3 29. Re1 Rf4 30. h3 Rxd4 31. Qxe5 1-0

[Event "67. BEM 2013"]
[Site "Dortmund"]
[Date "2013.03.05"]
[Round "8.3"]
[White "Duschek, Günter"]
[Black "Begna, Bozidar"]
[Result "0-1"]
[WhiteElo "1488"]
[BlackElo "1929"]
[PlyCount "120"]
[EventDate "2013.??.??"]
[Source "SG Dortmund"]
[SourceDate "2004.12.16"]

1. d4 d6 2. Bf4 c5 3. dxc5 Qa5+ 4. c3 Qxc5 5. e3 g6 6. Qd4 Nf6 7. Qxc5 dxc5 8.
Nf3 Bg7 9. Na3 Nd5 10. Bg3 Nxc3 11. Ne5 Ne4 12. f4 O-O 13. Bd3 Bf5 14. Bxe4
Bxe4 15. O-O f6 16. Nec4 Nc6 17. Rfd1 Rad8 18. Be1 Rxd1 19. Rxd1 Rd8 20. Rxd8+
Nxd8 21. b3 a6 22. Nd2 Bd3 23. Nac4 Nc6 24. Nb2 {(=)} 24... Bb5 25. a4 Be2 26.
Kf2 Bg4 27. h3 Be6 28. Ndc4 f5 29. Nd3 b5 30. axb5 axb5 31. Nd2 c4 32. bxc4
bxc4 33. Nc5 Bf7 34. Nb1 e5 35. Bc3 exf4 36. exf4 Bxc3 37. Nxc3 Kf8 38. Ke3 Ke7
39. N5a4 Kf6 40. h4 h6 41. g3 g5 42. hxg5+ hxg5 43. Ne2 gxf4+ 44. gxf4 Kg6 45.
Nd4 Nb4 46. Nc3 {(=)
} 46... Nd5+ 47. Nxd5 Bxd5 48. Nc2 Be4 49. Nb4 c3 50. Na2
c2 51. Nc1 Kh5 52. Ne2 Kg4 53. Nc1 Bf3 54. Nd3 Kg3 55. Nc1 Kg2 56. Kd2 Be4 57.
Ke3 Kf1 58. Kd2 Kf2 59. Nb3 Kf3 60. Nd4+ Kxf4 0-1

[Event "67. BEM 2013"]
[Site "Dortmund"]
[Date "2013.03.05"]
[Round "8.4"]
[White "Tekin, Baran"]
[Black "Grube, Jörg"]
[Result "0-1"]
[WhiteElo "1709"]
[BlackElo "1789"]
[PlyCount "80"]
[EventDate "2013.??.??"]
[Source "SG Dortmund"]
[SourceDate "2004.12.16"]

1. d4 e6 2. Nf3 c5 3. d5 exd5 4. Qxd5 Nf6 5. Qd1 d5 6. Bg5 Nc6 7. e3 h6 8. Bh4
Be7 9. Be2 Qb6 10. b3 g5 11. Bg3 Be6 12. O-O Ne4 13. a3 Bf6 14. Ra2 h5 15. c4
h4 16. Bd6 O-O-O 17. cxd5 Rxd6 18. Bd3 Rxd5 19. Qc2 Nd6 20. Nc3 Bxc3 21. Qxc3
Rd8 22. e4 Rxd3 23. Qxd3 Qxb3 24. Qxb3 Bxb3 25. Rb2 Bc4 26. Rc1 f6 27. Nd2 Ne5
28. Rbc2 b5 29. Nxc4 Ndxc4 30. f4 Nd3 31. Ra1 Rd4 32. fxg5 fxg5 33. a4 b4 34.
Rd1 b3 35. Rc3 b2 36. Rb3 Nd6 37. Kf1 Nxe4 38. a5 Kc7 39. a6 Kc6 40. Ke2 Nc1+
0-1

[Event "67. BEM 2013"]
[Site "Dortmund"]
[Date "2013.03.05"]
[Round "8.5"]
[White "Cogan, Leonid"]
[Black "Ziemek, Gerhard"]
[Result "1/2-1/2"]
[WhiteElo "1725"]
[BlackElo "1692"]
[PlyCount "20"]
[EventDate "2013.??.??"]
[Source "SG Dortmund"]
[SourceDate "2004.12.16"]

1. e4 c5 2. Nf3 Nc6 3. Bb5 d6 4. Bxc6+ bxc6 5. O-O Nf6 6. Nc3 g6 7. Re1 Bg7 8.
h3 e5 9. d3 O-O 10. Bg5 Be6 1/2-1/2

[Event "67. BEM 2013"]
[Site "Dortmund"]
[Date "2013.03.05"]
[Round "8.6"]
[White "Kropp, Andreas"]
[Black "Raskin, Vitali"]
[Result "1-0"]
[WhiteElo "1908"]
[BlackElo "1671"]
[PlyCount "61"]
[EventDate "2013.??.??"]
[Source "SG Dortmund"]
[SourceDate "2004.12.16"]

1. e4 e5 2. g3 Nf6 3. Bg2 Bc5 4. c3 Nc6 5. b4 Bb6 6. a4 a5 7. b5 Ne7 8. c4 Bd4
9. Nc3 d6 10. Nge2 Bc5 11. h3 O-O 12. O-O Be6 13. Nd5 c6 14. Nxf6+ gxf6 15. d3
Kh8 16. Kh2 d5 17. cxd5 cxd5 18. f4 dxe4 19. Bxe4 Bd5 20. Bb2 Bxe4 21. dxe4 Qc7
22. Qb3 Nc8 23. Rac1 b6 24. fxe5 fxe5 25. Qd5 Nd6 26. Bxe5+ Kg8 27. Rf4 h5 28.
Rf6 Qe7 29. Rg6+ Kh7 30. Bxd6 Bxd6 31. Qxh5# 1-0

[Event "67. BEM 2013"]
[Site "Dortmund"]
[Date "2013.03.05"]
[Round "8.7"]
[White "Vogt, Christian"]
[Black "Schwarz, Ingo"]
[Result "0-1"]
[WhiteElo "1494"]
[BlackElo "1875"]
[PlyCount "72"]
[EventDate "2013.??.??"]
[Source "SG Dortmund"]
[SourceDate "2004.12.16"]

1. d4 c5 2. d5 e6 3. c4 Nf6 4. Nc3 exd5 5. cxd5 d6 6. g3 Be7 7. Bg2 O-O 8. Nf3
Bd7 9. a4 Na6 10. O-O Nc7 11. e4 b5 12. axb5 Nxb5 13. Bf4 Nxc3 14. bxc3 Nxe4
15. Qd3 f5 16. Nd2 Nxd2 17. Bxd2 a5 18. Rfb1 Qc7 19. Ra3 a4 20. Bf3 Rfb8 21.
Rba1 c4 22. Qc2 Ra5 23. Bc1 Bf6 24. Qd2 Rb3 25. Bd1 Bxc3 26. Qf4 Be5 27. Qh4
Rxa3 28. Rxa3 Rxd5 29. Bc2 Bf6 30. Qh5 Re5 31. Bf4 Re1+ 32. Kg2 g6 33. Qh6 Qb7+
34. Kh3 Qh1 35. Bg5 f4+ 36. g4 Bg7 0-1